000 00471cam a22001691 4500
001 000019913
005 20200929170204.0
008 720424s1958 nyu 000 1 eng
040 _aDO-SdBNP
_bspa
_cBNPHU
100 1 _aMoll, Elick.
_942474
245 1 0 _aSeidman and son /
_cElick Moll.
250 _a3a. ed.
260 _aNew York :
_bPutnam,
_c1958.
300 _a288 p. ;
_c21 cm.
650 2 4 _aNovela norteamericana
_93226
650 2 4 _aLiteratura norteamericana
_93227
999 _c19426
_d19426